00560nam a22001577a 450000500170000002000220001703500130003903700130005210000300006524500730009526000350016830000230020394200250022699900170025195201340026820120316152024.0 a8120713389c95.00 aA-897922 aDPLbENG aReddy, A.V. Rathna943839 aThe political philosophy of the Bhagvad Gita /cby A.V. Rathna Reddy aNew DelhibSterling Paperbacks aix, 180p.c20 cms. 2ddccENh181.45mRED c64079d64079 001040708NFICaZLSbZLSd2012-03-16g95.00l3m2o181.45 REDpA-897922r2022-03-21 00:00:00s2022-01-14v95.00w2012-03-16yEN